000 00604nam a2200217Ia 4500
003 OSt
005 20220925201749.0
006 a|||||r|||| 00| 0
007 ta
008 220923b |||||||| |||| 00| 0 eng d
037 _cGeneral Book
040 _aRTL
_cRTL
_beng
041 _2eng
_aeng
082 _aL:5.2s, GD
100 _aIndia, Health and Family Welfare (M/O-)
245 0 _aHealth statistics of India
260 _aDelhi
_bMOP
_c2002
300 _a417p
_ccm.
942 _hL:5.2s, GD
_cGB
_2CC
999 _c541157
_d541157